[Event "DEM U12 2025"]
[Site "Willingen GER"]
[Date "2025.06.08"]
[Round "2"]
[White "Poladli, Firuz"]
[Black "Hoppe, Arthur"]
[Result "0-1"]
[Termination "normal"]
[Board "11"]
[WhiteElo "1584"]
[BlackElo "1922"]
[WhiteClock "01:12:33"]
[BlackClock "01:35:44"]
[PlyCount "56"]
[WhiteFideId "13471236"]
[BlackFideId "34618910"]
[EventCountry "GER"]
[EventRounds "9"]
[EventType "swiss"]
[EventDate "2025.06.07"]

1. e4 {[%clk 01:30:54]} {[%emt 00:00:06]} e6 {[%clk 01:30:55]} {[%emt
00:00:06]} 2. d4 {[%clk 01:31:17]} {[%emt 00:00:06]} d5 {[%clk 01:31:21]}
{[%emt 00:00:04]} 3. e5 {[%clk 01:31:41]} {[%emt 00:00:07]} c5 {[%clk
01:31:47]} {[%emt 00:00:04]} 4. c3 {[%emt 00:00:18]} Nc6 {[%clk 01:32:12]}
{[%emt 00:00:02]} 5. Nf3 {[%clk 01:32:12]} {[%emt 00:00:13]} Qb6 {[%clk
01:32:36]} {[%emt 00:00:06]} 6. a3 {[%clk 01:31:21]} {[%emt 00:01:20]} a5
{[%clk 01:32:44]} {[%emt 00:00:23]} 7. Be3 {[%clk 01:31:16]} {[%emt 00:00:35]}
Qxb2 {[%clk 01:33:07]} {[%emt 00:00:07]} 8. Nbd2 {[%clk 01:30:10]} {[%emt
00:01:35]} c4 {[%clk 01:33:27]} {[%emt 00:00:11]} 9. Qc1 {[%clk 01:26:33]}
{[%emt 00:04:06]} Qxc1+ {[%clk 01:32:51]} {[%emt 00:01:08]} 10. Rxc1 {[%clk
01:26:34]} {[%emt 00:00:28]} Bxa3 {[%clk 01:33:12]} {[%emt 00:00:10]} 11. Rb1
{[%clk 01:26:51]} {[%emt 00:00:13]} Nge7 {[%clk 01:32:41]} {[%emt 00:01:00]}
12. g3 {[%clk 01:27:05]} {[%emt 00:00:16]} Ng6 {[%clk 01:33:05]} {[%emt
00:00:07]} 13. Bg2 {[%clk 01:27:19]} {[%emt 00:00:16]} Rb8 {[%clk 01:33:11]}
{[%emt 00:00:25]} 14. Rb6 {[%clk 01:27:29]} {[%emt 00:00:18]} Be7 {[%clk
01:33:29]} {[%emt 00:00:14]} 15. O-O {[%clk 01:27:31]} {[%emt 00:00:27]} Bd8
{[%clk 01:33:57]} {[%emt 00:00:03]} 16. Rb5 {[%clk 01:26:31]} {[%emt 00:01:30]}
Na7 {[%clk 01:34:07]} {[%emt 00:00:19]} 17. Rb2 {[%clk 01:26:45]} {[%emt
00:00:15]} b5 {[%clk 01:33:54]} {[%emt 00:00:44]} 18. Rc1 {[%clk 01:25:13]}
{[%emt 00:01:59]} Be7 {[%clk 01:34:20]} {[%emt 00:00:08]} 19. Ra2 {[%clk
01:23:33]} {[%emt 00:02:10]} Nc6 {[%clk 01:34:09]} {[%emt 00:00:41]} 20. Nf1
{[%clk 01:23:27]} {[%emt 00:00:33]} Bd7 {[%clk 01:34:28]} {[%emt 00:00:14]} 21.
Bd2 {[%clk 01:23:20]} {[%emt 00:00:34]} h6 {[%clk 01:34:00]} {[%emt 00:01:01]}
22. Ne3 {[%clk 01:23:29]} {[%emt 00:00:21]} Kd8 {[%clk 01:34:17]} {[%emt
00:00:13]} 23. Nc2 {[%clk 01:21:46]} {[%emt 00:02:13]} Kc7 {[%clk 01:34:37]}
{[%emt 00:00:10]} 24. Rb1 {[%clk 01:21:41]} {[%emt 00:00:34]} Rb7 {[%clk
01:34:22]} {[%emt 00:00:45]} 25. Rab2 {[%clk 01:18:36]} {[%emt 00:03:35]} Rhb8
{[%clk 01:34:46]} {[%emt 00:00:06]} 26. h4 {[%clk 01:16:48]} {[%emt 00:02:18]}
b4 {[%clk 01:35:09]} {[%emt 00:00:07]} 27. cxb4 {[%clk 01:17:08]} {[%emt
00:00:10]} axb4 {[%clk 01:35:36]} {[%emt 00:00:04]} 28. Be1 {[%clk 01:12:33]}
{[%emt 00:05:04]} c3 {[%clk 01:35:44]} {[%emt 00:00:23]} 0-1

[Event "DEM U12 2025"]
[Site "Willingen GER"]
[Date "2025.06.08"]
[Round "2"]
[White "Sheng, Ming"]
[Black "Boroshnev, Dmytro"]
[Result "1-0"]
[Termination "normal"]
[Board "12"]
[WhiteElo "2038"]
[BlackElo "1707"]
[WhiteClock "00:01:04"]
[BlackClock "00:23:08"]
[PlyCount "79"]
[WhiteFideId "34605258"]
[BlackFideId "34163611"]
[EventCountry "GER"]
[EventRounds "9"]
[EventType "swiss"]
[EventDate "2025.06.07"]

1. e4 {[%clk 01:30:57]} {[%emt 00:00:02]} c5 {[%clk 01:30:55]} {[%emt
00:00:06]} 2. Nf3 {[%clk 01:31:24]} {[%emt 00:00:02]} d6 {[%clk 01:31:18]}
{[%emt 00:00:08]} 3. d4 {[%clk 01:31:52]} {[%emt 00:00:02]} cxd4 {[%clk
01:31:40]} {[%emt 00:00:07]} 4. Nxd4 {[%clk 01:32:19]} {[%emt 00:00:04]} Nf6
{[%clk 01:32:03]} {[%emt 00:00:06]} 5. Nc3 {[%clk 01:32:39]} {[%emt 00:00:10]}
a6 {[%clk 01:32:28]} {[%emt 00:00:05]} 6. f3 {[%clk 01:33:05]} {[%emt
00:00:04]} e5 {[%clk 01:32:53]} {[%emt 00:00:05]} 7. Nb3 {[%clk 01:33:31]}
{[%emt 00:00:04]} Be7 {[%clk 01:33:17]} {[%emt 00:00:06]} 8. Be3 {[%clk
01:33:58]} {[%emt 00:00:03]} Be6 {[%clk 01:33:33]} {[%emt 00:00:14]} 9. Qd2
{[%clk 01:34:07]} {[%emt 00:00:21]} Nbd7 {[%clk 01:33:54]} {[%emt 00:00:09]}
10. O-O-O {[%clk 01:34:05]} {[%emt 00:00:30]} b5 {[%clk 01:34:15]} {[%emt
00:00:11]} 11. g4 {[%clk 01:33:16]} {[%emt 00:01:19]} O-O {[%clk 01:33:25]}
{[%emt 00:01:20]} 12. g5 {[%clk 01:33:40]} {[%emt 00:00:06]} Nh5 {[%clk
01:33:51]} {[%emt 00:00:04]} 13. Kb1 {[%clk 01:34:01]} {[%emt 00:00:09]} Nb6
{[%clk 01:34:15]} {[%emt 00:00:05]} 14. Na5 {[%clk 01:34:05]} {[%emt 00:00:27]}
Rc8 {[%clk 01:34:36]} {[%emt 00:00:09]} 15. Nd5 {[%clk 01:33:58]} {[%emt
00:00:36]} Nxd5 {[%clk 01:34:50]} {[%emt 00:00:16]} 16. exd5 {[%clk 01:34:18]}
{[%emt 00:00:11]} Bxd5 {[%clk 01:35:16]} {[%emt 00:00:04]} 17. Qxd5 {[%clk
01:34:29]} {[%emt 00:00:18]} Qxa5 {[%clk 01:35:42]} {[%emt 00:00:05]} 18. c4
{[%clk 01:34:12]} {[%emt 00:00:47]} Nf4 {[%clk 01:36:01]} {[%emt 00:00:11]} 19.
Bxf4 {[%clk 01:34:17]} {[%emt 00:00:25]} exf4 {[%clk 01:36:28]} {[%emt
00:00:04]} 20. Bd3 {[%clk 01:30:33]} {[%emt 00:04:13]} g6 {[%clk 01:31:50]}
{[%emt 00:05:08]} 21. h4 {[%clk 01:29:51]} {[%emt 00:01:11]} Qb4 {[%clk
01:22:52]} {[%emt 00:09:29]} 22. Rc1 {[%clk 01:10:09]} {[%emt 00:20:11]} Rc5
{[%clk 01:12:44]} {[%emt 00:10:38]} 23. Qb7 {[%clk 01:01:56]} {[%emt 00:08:43]}
Re5 {[%clk 01:12:00]} {[%emt 00:01:14]} 24. h5 {[%clk 00:48:40]} {[%emt
00:13:46]} Kg7 {[%clk 01:07:10]} {[%emt 00:05:21]} 25. a3 {[%clk 00:37:16]}
{[%emt 00:11:54]} Qa5 {[%clk 00:55:04]} {[%emt 00:12:35]} 26. hxg6 {[%clk
00:28:23]} {[%emt 00:09:23]} hxg6 {[%clk 00:50:40]} {[%emt 00:04:54]} 27. cxb5
{[%clk 00:21:39]} {[%emt 00:07:15]} axb5 {[%clk 00:50:14]} {[%emt 00:00:55]}
28. Rc7 {[%clk 00:17:02]} {[%emt 00:05:07]} Re1+ {[%clk 00:44:22]} {[%emt
00:06:23]} 29. Rxe1 {[%clk 00:17:20]} {[%emt 00:00:11]} Qxe1+ {[%clk 00:44:46]}
{[%emt 00:00:05]} 30. Ka2 {[%clk 00:17:48]} {[%emt 00:00:03]} Qe6+ {[%clk
00:33:21]} {[%emt 00:11:54]} 31. Kb1 {[%clk 00:13:35]} {[%emt 00:04:45]} Bxg5
{[%clk 00:32:31]} {[%emt 00:01:19]} 32. Qxb5 {[%clk 00:13:47]} {[%emt
00:00:19]} Qe5 {[%clk 00:25:30]} {[%emt 00:07:31]} 33. Qxe5+ {[%clk 00:11:00]}
{[%emt 00:03:17]} dxe5 {[%clk 00:25:30]} {[%emt 00:00:30]} 34. b4 {[%clk
00:04:48]} {[%emt 00:06:42]} Re8 {[%clk 00:25:49]} {[%emt 00:00:11]} 35. Kc2
{[%clk 00:04:34]} {[%emt 00:00:44]} Re7 {[%clk 00:25:59]} {[%emt 00:00:20]} 36.
Rxe7 {[%clk 00:01:42]} {[%emt 00:03:22]} Bxe7 {[%clk 00:26:19]} {[%emt
00:00:10]} 37. Kb3 {[%emt 00:00:02]} f5 {[%clk 00:26:31]} {[%emt 00:00:17]} 38.
a4 {[%clk 00:02:26]} {[%emt 00:00:15]} Kf6 {[%clk 00:26:56]} {[%emt 00:00:06]}
39. a5 {[%clk 00:01:20]} {[%emt 00:01:35]} g5 {[%clk 00:23:08]} {[%emt
00:04:18]} 40. a6 {[%clk 00:01:04]} {[%emt 00:00:46]} 1-0

[Event "DEM U12 2025"]
[Site "Willingen GER"]
[Date "2025.06.08"]
[Round "2"]
[White "Peglau, Paul David"]
[Black "Braren, Ove Neelis"]
[Result "1-0"]
[Termination "normal"]
[Board "13"]
[WhiteElo "1959"]
[BlackElo "1716"]
[WhiteClock "00:55:29"]
[BlackClock "00:03:30"]
[PlyCount "133"]
[WhiteFideId "16290550"]
[BlackFideId "34663770"]
[EventCountry "GER"]
[EventRounds "9"]
[EventType "swiss"]
[EventDate "2025.06.07"]

1. d4 {[%clk 01:30:57]} {[%emt 00:00:03]} d5 {[%clk 01:29:41]} {[%emt
00:01:19]} 2. c4 {[%clk 01:31:22]} {[%emt 00:00:05]} e6 {[%clk 01:29:02]}
{[%emt 00:01:09]} 3. Nc3 {[%clk 01:30:59]} {[%emt 00:00:53]} Nf6 {[%clk
01:29:07]} {[%emt 00:00:24]} 4. Nf3 {[%clk 01:31:27]} {[%emt 00:00:02]} Be7
{[%clk 01:29:11]} {[%emt 00:00:26]} 5. Bf4 {[%clk 01:31:52]} {[%emt 00:00:06]}
O-O {[%clk 01:28:44]} {[%emt 00:00:56]} 6. e3 {[%clk 01:32:12]} {[%emt
00:00:11]} c6 {[%clk 01:26:56]} {[%emt 00:02:18]} 7. Qc2 {[%clk 01:32:26]}
{[%emt 00:00:16]} b6 {[%clk 01:25:07]} {[%emt 00:02:19]} 8. cxd5 {[%clk
01:30:44]} {[%emt 00:02:12]} exd5 {[%clk 01:15:18]} {[%emt 00:10:19]} 9. Bd3
{[%clk 01:30:00]} {[%emt 00:01:15]} Re8 {[%clk 01:14:28]} {[%emt 00:01:18]} 10.
O-O {[%clk 01:30:00]} {[%emt 00:00:30]} Bb7 {[%clk 01:09:36]} {[%emt 00:05:22]}
11. Rac1 {[%clk 01:29:44]} {[%emt 00:00:47]} Bd6 {[%clk 01:03:39]} {[%emt
00:06:25]} 12. Bxd6 {[%clk 01:26:31]} {[%emt 00:03:45]} Qxd6 {[%clk 01:03:16]}
{[%emt 00:00:51]} 13. Rfd1 {[%clk 01:24:35]} {[%emt 00:02:27]} Nbd7 {[%clk
00:56:07]} {[%emt 00:07:38]} 14. Qe2 {[%clk 01:24:07]} {[%emt 00:00:59]} Ne4
{[%clk 00:55:24]} {[%emt 00:01:13]} 15. Ba6 {[%clk 01:23:38]} {[%emt 00:01:01]}
Bxa6 {[%clk 00:52:17]} {[%emt 00:03:36]} 16. Qxa6 {[%clk 01:23:29]} {[%emt
00:00:39]} f5 {[%clk 00:40:47]} {[%emt 00:11:59]} 17. Ne2 {[%clk 01:22:48]}
{[%emt 00:01:11]} h6 {[%clk 00:38:24]} {[%emt 00:02:53]} 18. Qa4 {[%clk
01:19:13]} {[%emt 00:04:06]} Rec8 {[%clk 00:35:53]} {[%emt 00:03:01]} 19. Rc2
{[%clk 01:18:12]} {[%emt 00:01:31]} Kh7 {[%clk 00:26:47]} {[%emt 00:09:36]} 20.
Rdc1 {[%clk 01:13:05]} {[%emt 00:05:36]} c5 {[%clk 00:25:13]} {[%emt 00:02:05]}
21. dxc5 {[%clk 01:12:53]} {[%emt 00:00:43]} bxc5 {[%clk 00:24:41]} {[%emt
00:01:00]} 22. Rd1 {[%clk 01:11:44]} {[%emt 00:01:40]} Nb6 {[%clk 00:21:39]}
{[%emt 00:03:32]} 23. Qa6 {[%clk 01:10:16]} {[%emt 00:01:57]} Rc6 {[%clk
00:17:35]} {[%emt 00:04:34]} 24. Qd3 {[%clk 01:09:49]} {[%emt 00:00:58]} Rd8
{[%clk 00:15:43]} {[%emt 00:02:21]} 25. Ng3 {[%clk 01:09:01]} {[%emt 00:01:19]}
Qe6 {[%clk 00:14:55]} {[%emt 00:01:18]} 26. Rdc1 {[%clk 01:07:25]} {[%emt
00:02:06]} Rdc8 {[%clk 00:14:44]} {[%emt 00:00:38]} 27. Qb5 {[%clk 01:04:48]}
{[%emt 00:03:09]} a6 {[%clk 00:10:18]} {[%emt 00:04:57]} 28. Qe2 {[%clk
01:02:26]} {[%emt 00:02:50]} Nc4 {[%clk 00:06:30]} {[%emt 00:04:19]} 29. Nf1
{[%clk 00:57:35]} {[%emt 00:05:21]} R8c7 {[%clk 00:01:42]} {[%emt 00:05:19]}
30. N1d2 {[%clk 00:56:49]} {[%emt 00:01:16]} Ne5 {[%clk 00:01:48]} {[%emt
00:00:22]} 31. Nxe5 {[%clk 00:56:25]} {[%emt 00:00:55]} Qxe5 {[%clk 00:02:10]}
{[%emt 00:00:08]} 32. Nxe4 {[%clk 00:55:44]} {[%emt 00:01:12]} fxe4 {[%clk
00:02:34]} {[%emt 00:00:06]} 33. Qd2 {[%clk 00:55:42]} {[%emt 00:00:31]} Qd6
{[%clk 00:01:52]} {[%emt 00:01:13]} 34. g3 {[%clk 00:55:02]} {[%emt 00:01:10]}
Kg6 {[%clk 00:01:19]} {[%emt 00:01:02]} 35. Rd1 {[%clk 00:53:31]} {[%emt
00:02:01]} Rd7 {[%clk 00:01:36]} {[%emt 00:00:13]} 36. Qe2 {[%clk 00:53:20]}
{[%emt 00:00:42]} Qe6 {[%clk 00:01:36]} {[%emt 00:00:29]} 37. Rdc1 {[%clk
00:50:38]} {[%emt 00:03:13]} Rdc7 {[%clk 00:01:53]} {[%emt 00:00:13]} 38. h4
{[%clk 00:50:51]} {[%emt 00:00:17]} h5 {[%clk 00:01:18]} {[%emt 00:01:04]} 39.
b3 {[%clk 00:49:42]} {[%emt 00:01:40]} Kh6 {[%clk 00:01:06]} {[%emt 00:00:41]}
40. Rd1 {[%clk 00:47:21]} {[%emt 00:02:52]} Rd7 {[%clk 00:01:16]} {[%emt
00:00:19]} 41. Qd2 {[%clk 00:46:58]} {[%emt 00:00:54]} g6 {[%clk 00:29:42]}
{[%emt 00:02:03]} 42. Qc3 {[%clk 01:16:09]} {[%emt 00:01:18]} Kh7 {[%clk
00:27:02]} {[%emt 00:03:11]} 43. Qa5 {[%clk 01:16:12]} {[%emt 00:00:28]} Rdc7
{[%clk 00:25:58]} {[%emt 00:01:33]} 44. b4 {[%clk 01:14:58]} {[%emt 00:01:45]}
cxb4 {[%clk 00:16:51]} {[%emt 00:09:36]} 45. Rxc6 {[%clk 01:14:48]} {[%emt
00:00:41]} Qxc6 {[%clk 00:15:11]} {[%emt 00:02:09]} 46. Qxb4 {[%clk 01:14:25]}
{[%emt 00:00:54]} Rb7 {[%clk 00:13:14]} {[%emt 00:02:27]} 47. Qd2 {[%clk
01:13:29]} {[%emt 00:01:25]} Rd7 {[%clk 00:12:49]} {[%emt 00:00:54]} 48. Rc1
{[%clk 01:13:37]} {[%emt 00:00:23]} Qf6 {[%clk 00:10:01]} {[%emt 00:03:19]} 49.
Qc2 {[%clk 01:11:40]} {[%emt 00:02:25]} Rf7 {[%clk 00:09:48]} {[%emt 00:00:43]}
50. Rd1 {[%clk 01:11:39]} {[%emt 00:00:32]} Qf5 {[%clk 00:09:11]} {[%emt
00:01:08]} 51. Rd2 {[%clk 01:11:51]} {[%emt 00:00:17]} g5 {[%clk 00:07:17]}
{[%emt 00:02:23]} 52. hxg5 {[%clk 01:10:29]} {[%emt 00:01:53]} h4 {[%clk
00:05:26]} {[%emt 00:02:21]} 53. f4 {[%clk 00:56:52]} {[%emt 00:14:07]} exf3
{[%clk 00:03:48]} {[%emt 00:02:08]} 54. Qxf5+ {[%clk 00:56:26]} {[%emt
00:00:57]} Rxf5 {[%clk 00:04:15]} {[%emt 00:00:03]} 55. gxh4 {[%clk 00:56:49]}
{[%emt 00:00:07]} Kg6 {[%clk 00:02:46]} {[%emt 00:01:59]} 56. Kf2 {[%clk
00:56:31]} {[%emt 00:00:47]} Kh5 {[%clk 00:01:34]} {[%emt 00:01:43]} 57. Rd4
{[%clk 00:56:25]} {[%emt 00:00:36]} Re5 {[%clk 00:01:04]} {[%emt 00:00:59]} 58.
Kxf3 {[%clk 00:56:44]} {[%emt 00:00:12]} Rf5+ {[%clk 00:01:15]} {[%emt
00:00:19]} 59. Kg3 {[%clk 00:56:33]} {[%emt 00:00:38]} Re5 {[%clk 00:01:33]}
{[%emt 00:00:14]} 60. Kf4 {[%clk 00:54:56]} {[%emt 00:02:07]} Re6 {[%clk
00:01:47]} {[%emt 00:00:17]} 61. Rxd5 {[%clk 00:54:24]} {[%emt 00:01:02]} Kxh4
{[%clk 00:02:04]} {[%emt 00:00:13]} 62. Rd8 {[%clk 00:54:14]} {[%emt 00:00:40]}
Kh3 {[%clk 00:02:17]} {[%emt 00:00:16]} 63. e4 {[%clk 00:54:27]} {[%emt
00:00:17]} Rb6 {[%clk 00:02:39]} {[%emt 00:00:09]} 64. Kf5 {[%clk 00:54:33]}
{[%emt 00:00:23]} Rb2 {[%clk 00:02:55]} {[%emt 00:00:14]} 65. g6 {[%clk
00:54:42]} {[%emt 00:00:21]} Rxa2 {[%clk 00:03:09]} {[%emt 00:00:16]} 66. g7
{[%clk 00:55:07]} {[%emt 00:00:06]} Rg2 {[%clk 00:03:30]} {[%emt 00:00:09]} 67.
g8=Q {[%clk 00:55:29]} {[%emt 00:00:08]} 1-0

[Event "DEM U12 2025"]
[Site "Willingen GER"]
[Date "2025.06.08"]
[Round "2"]
[White "Geschke, Jonathan"]
[Black "Pradeep, Harshill"]
[Result "0-1"]
[Termination "normal"]
[Board "14"]
[WhiteElo "1667"]
[BlackElo "1936"]
[WhiteClock "00:10:24"]
[BlackClock "00:14:00"]
[PlyCount "80"]
[WhiteFideId "34636129"]
[BlackFideId "34629513"]
[EventCountry "GER"]
[EventRounds "9"]
[EventType "swiss"]
[EventDate "2025.06.07"]

1. e4 {[%clk 01:30:59]} e5 {[%clk 01:30:43]} {[%emt 00:00:18]} 2. Nf3 {[%clk
01:31:24]} {[%emt 00:00:05]} Nc6 {[%clk 01:31:08]} {[%emt 00:00:05]} 3. Bc4
{[%clk 01:31:49]} {[%emt 00:00:05]} Nf6 {[%clk 01:31:31]} {[%emt 00:00:06]} 4.
Ng5 {[%clk 01:32:12]} {[%emt 00:00:08]} d5 {[%clk 01:31:55]} {[%emt 00:00:06]}
5. exd5 {[%clk 01:32:37]} {[%emt 00:00:05]} Na5 {[%clk 01:32:20]} {[%emt
00:00:06]} 6. Bb5+ {[%clk 01:33:01]} {[%emt 00:00:04]} c6 {[%clk 01:32:43]}
{[%emt 00:00:07]} 7. dxc6 {[%clk 01:33:27]} {[%emt 00:00:04]} bxc6 {[%clk
01:33:07]} {[%emt 00:00:05]} 8. Qf3 {[%clk 01:33:52]} {[%emt 00:00:05]} cxb5
{[%clk 01:31:07]} {[%emt 00:02:30]} 9. Qxa8 {[%clk 01:34:11]} {[%emt 00:00:12]}
Qc7 {[%clk 01:30:28]} {[%emt 00:01:09]} 10. Qf3 {[%clk 01:27:48]} {[%emt
00:06:52]} Nc6 {[%clk 01:28:17]} {[%emt 00:02:42]} 11. Nc3 {[%clk 01:17:35]}
{[%emt 00:10:43]} Nd4 {[%clk 01:20:43]} {[%emt 00:08:04]} 12. Qd1 {[%clk
01:04:38]} {[%emt 00:13:25]} b4 {[%clk 01:18:23]} {[%emt 00:02:52]} 13. O-O
{[%clk 01:02:01]} {[%emt 00:03:07]} bxc3 {[%clk 01:18:38]} {[%emt 00:00:15]}
14. dxc3 {[%clk 01:01:24]} {[%emt 00:01:07]} Nc6 {[%clk 01:16:56]} {[%emt
00:02:12]} 15. Re1 {[%clk 01:00:39]} {[%emt 00:01:11]} Bd6 {[%clk 01:11:32]}
{[%emt 00:05:57]} 16. Qd3 {[%clk 00:52:59]} {[%emt 00:08:10]} O-O {[%clk
01:09:09]} {[%emt 00:02:53]} 17. Ne4 {[%clk 00:51:07]} {[%emt 00:02:23]} Nxe4
{[%clk 01:08:41]} {[%emt 00:00:59]} 18. Qxe4 {[%clk 00:50:59]} {[%emt
00:00:37]} Be6 {[%clk 01:04:07]} {[%emt 00:05:03]} 19. Be3 {[%clk 00:48:06]}
{[%emt 00:03:23]} f5 {[%clk 01:02:49]} {[%emt 00:01:50]} 20. Qa4 {[%clk
00:43:16]} {[%emt 00:05:20]} f4 {[%clk 01:02:27]} {[%emt 00:00:52]} 21. Bd2
{[%clk 00:42:38]} {[%emt 00:01:07]} f3 {[%clk 00:59:37]} {[%emt 00:03:20]} 22.
g3 {[%clk 00:42:28]} {[%emt 00:00:39]} Qc8 {[%clk 00:52:46]} {[%emt 00:07:23]}
23. Qh4 {[%clk 00:39:48]} {[%emt 00:03:09]} Ne7 {[%clk 00:41:07]} {[%emt
00:12:08]} 24. Rad1 {[%clk 00:29:47]} {[%emt 00:10:31]} Ng6 {[%clk 00:39:38]}
{[%emt 00:01:59]} 25. Qe4 {[%clk 00:28:24]} {[%emt 00:01:53]} Kh8 {[%clk
00:35:44]} {[%emt 00:04:24]} 26. Re3 {[%clk 00:26:08]} {[%emt 00:02:45]} Bf5
{[%clk 00:28:36]} {[%emt 00:07:39]} 27. Qd5 {[%clk 00:25:26]} {[%emt 00:01:11]}
Bxc2 {[%clk 00:25:00]} {[%emt 00:04:07]} 28. Rc1 {[%clk 00:23:56]} {[%emt
00:02:00]} e4 {[%clk 00:23:17]} {[%emt 00:02:13]} 29. Qh5 {[%clk 00:22:09]}
{[%emt 00:02:28]} Bd3 {[%clk 00:21:55]} {[%emt 00:01:42]} 30. Ree1 {[%clk
00:19:57]} {[%emt 00:02:40]} Qe6 {[%clk 00:20:06]} {[%emt 00:02:21]} 31. Be3
{[%clk 00:18:28]} {[%emt 00:01:59]} Be2 {[%clk 00:16:46]} {[%emt 00:03:50]} 32.
Bd4 {[%emt 00:06:39]} Rf5 {[%clk 00:13:27]} {[%emt 00:00:01]} 33. Qg4 {[%clk
00:14:48]} {[%emt 00:01:46]} h5 {[%clk 00:13:02]} {[%emt 00:00:58]} 34. Qh3
{[%clk 00:14:29]} {[%emt 00:00:45]} Nf4 {[%clk 00:12:18]} {[%emt 00:01:18]} 35.
gxf4 {[%clk 00:11:13]} {[%emt 00:03:46]} Rg5+ {[%clk 00:12:26]} {[%emt
00:00:21]} 36. Qg3 {[%clk 00:11:19]} {[%emt 00:00:25]} Rxg3+ {[%clk 00:12:52]}
{[%emt 00:00:04]} 37. fxg3 {[%clk 00:11:24]} {[%emt 00:00:25]} Qh3 {[%clk
00:12:47]} {[%emt 00:00:35]} 38. Kf2 {[%clk 00:11:24]} {[%emt 00:00:30]} Qxh2+
{[%clk 00:13:10]} {[%emt 00:00:07]} 39. Ke3 {[%clk 00:11:26]} {[%emt 00:00:25]}
Qxg3 {[%clk 00:13:37]} {[%emt 00:00:05]} 40. Rg1 {[%clk 00:10:24]} {[%emt
00:01:32]} Bxf4+ {[%clk 00:14:00]} {[%emt 00:00:08]} 0-1

[Event "DEM U12 2025"]
[Site "Willingen GER"]
[Date "2025.06.08"]
[Round "2"]
[White "Steinbrenner, Peter"]
[Black "Baumann, Simon"]
[Result "1-0"]
[Termination "normal"]
[Board "15"]
[WhiteElo "1908"]
[BlackElo "1713"]
[WhiteClock "01:22:28"]
[BlackClock "01:11:45"]
[PlyCount "33"]
[WhiteFideId "34645535"]
[BlackFideId "34643664"]
[EventCountry "GER"]
[EventRounds "9"]
[EventType "swiss"]
[EventDate "2025.06.07"]

1. d4 {[%clk 01:30:57]} {[%emt 00:00:03]} d5 {[%clk 01:30:57]} {[%emt
00:00:03]} 2. Nc3 {[%clk 01:31:21]} {[%emt 00:00:06]} e6 {[%clk 01:31:23]}
{[%emt 00:00:05]} 3. Bf4 {[%clk 01:31:31]} {[%emt 00:00:19]} c5 {[%clk
01:31:50]} {[%emt 00:00:03]} 4. e3 {[%clk 01:31:28]} {[%emt 00:00:33]} cxd4
{[%clk 01:32:13]} {[%emt 00:00:07]} 5. exd4 {[%clk 01:31:43]} {[%emt 00:00:14]}
a6 {[%clk 01:32:38]} {[%emt 00:00:06]} 6. Nf3 {[%clk 01:31:06]} {[%emt
00:01:06]} Nc6 {[%clk 01:33:01]} {[%emt 00:00:07]} 7. Bd3 {[%clk 01:29:49]}
{[%emt 00:01:48]} Nf6 {[%clk 01:33:27]} {[%emt 00:00:03]} 8. O-O {[%clk
01:28:59]} {[%emt 00:01:20]} Bd7 {[%clk 01:33:48]} {[%emt 00:00:10]} 9. Re1
{[%clk 01:28:32]} {[%emt 00:00:56]} Be7 {[%clk 01:33:45]} {[%emt 00:00:33]} 10.
Ne2 {[%clk 01:26:23]} {[%emt 00:02:39]} Rc8 {[%clk 01:33:25]} {[%emt 00:00:51]}
11. c3 {[%clk 01:26:25]} {[%emt 00:00:28]} O-O {[%clk 01:31:12]} {[%emt
00:02:42]} 12. Ng3 {[%clk 01:24:01]} {[%emt 00:02:55]} b5 {[%clk 01:31:21]}
{[%emt 00:00:21]} 13. a3 {[%clk 01:23:37]} {[%emt 00:00:53]} Qb6 {[%clk
01:30:10]} {[%emt 00:01:41]} 14. Ne5 {[%clk 01:22:27]} {[%emt 00:01:40]} a5
{[%clk 01:22:51]} {[%emt 00:07:50]} 15. Nh5 {[%clk 01:22:33]} {[%emt 00:00:23]}
Nxe5 {[%clk 01:22:13]} {[%emt 00:01:09]} 16. Bxe5 {[%clk 01:22:55]} {[%emt
00:00:08]} Ne8 {[%clk 01:11:45]} {[%emt 00:10:58]} 17. Bxg7 {[%clk 01:22:28]}
{[%emt 00:00:57]} 1-0